|
|
|
|
| LEADER |
00000nab a2200000 a 4500 |
| 001 |
vtls000917227 |
| 003 |
SK-MaSNL |
| 005 |
20260303180613.0 |
| 008 |
140417e19910000xo 0 slo |
| 035 |
|
|
|a KE26106
|
| 040 |
|
|
|a KEVKJB
|b slo
|c KEVKJB
|e AACR2
|
| 041 |
0 |
|
|a slo
|
| 044 |
|
|
|a xo
|c SK
|
| 080 |
|
|
|a 792.2
|2 1981
|
| 100 |
1 |
|
|a Sulíková, Zuzana
|4 aut
|9 1206586
|
| 245 |
1 |
0 |
|a Mandragora - zázračný liek
|c Zuzana Sulíková
|
| 600 |
1 |
7 |
|a Machiavelli, Niccolò,
|d 1469-1527
|t Mandragora
|2 KEVKJB
|9 120638
|
| 610 |
2 |
7 |
|a Štátne divadlo Košice.
|b Štúdio Smer
|2 KEVKJB
|9 31963
|
| 650 |
0 |
7 |
|a činohry
|2 snkbucl
|9 3325
|
| 650 |
0 |
7 |
|a divadelné inscenácie
|2 snkbucl
|9 3326
|
| 655 |
|
7 |
|a recenzie
|2 snkbucl
|9 21907
|
| 773 |
0 |
8 |
|t Javisko
|g Roč. 23
|
| 852 |
|
|
|a ZVYKNI
|b KIS3GCP
|
| 999 |
|
|
|c 2107039
|d 2108969
|